[Event "PolofMCR junior2016"]
[Site "?"]
[Date "2016.11.13"]
[Round "1"]
[White "Husek, Martin"]
[Black "Smid, Pavel"]
[Result "1-0"]
[WhiteElo "2067"]
[BlackElo "1695"]
[PlyCount "63"]
[EventDate "2016.??.??"]
[SourceDate "2016.11.13"]

1. e4 e6 2. d4 d5 3. Nd2 Nf6 4. e5 Nfd7 5. Bd3 c5 6. c3 Nc6 7. Ne2 cxd4 8. cxd4
f6 9. exf6 Nxf6 10. Nf3 Bd6 11. Bg5 Qa5+ 12. Qd2 Qxd2+ 13. Bxd2 O-O 14. O-O e5
15. dxe5 Nxe5 16. Nxe5 Bxe5 17. Bc3 Ng4 18. h3 Bxc3 19. Nxc3 Ne5 20. Rad1 d4
21. Nb5 Bd7 22. Nxd4 Rad8 23. Bc2 Bxh3 24. Bb3+ Kh8 25. f4 Bg4 26. fxe5 Bxd1
27. Rxd1 Rf4 28. Nf3 Rxd1+ 29. Bxd1 Re4 30. Bb3 b6 31. Ng5 g6 32. Nxe4 1-0

[Event "PolofMCR junior2016"]
[Site "?"]
[Date "2016.11.13"]
[Round "1"]
[White "Kozusek, Daniel"]
[Black "Bulockin, Martin"]
[Result "1/2-1/2"]
[WhiteElo "2183"]
[BlackElo "1977"]
[PlyCount "40"]
[EventDate "2016.??.??"]

1. e4 c5 2. Nf3 Nc6 3. Nc3 Nf6 4. d4 cxd4 5. Nxd4 e6 6. Nxc6 dxc6 7. Qxd8+ Kxd8
8. Bg5 h6 9. O-O-O+ Bd7 10. Bh4 Be7 11. Be2 Ke8 12. Bg3 Bb4 13. f3 Nh5 14. Be1
Nf4 15. Bf1 e5 16. Bc4 Be6 17. Bxe6 Nxe6 18. Nb5 Bc5 19. Nd6+ Bxd6 20. Rxd6 Ke7
1/2-1/2

[Event "PolofMCR junior2016"]
[Site "?"]
[Date "2016.11.13"]
[Round "1"]
[White "Dolansky, Lukas"]
[Black "Polansky, Adam Lubos"]
[Result "1-0"]
[WhiteElo "2079"]
[BlackElo "1810"]
[PlyCount "55"]
[EventDate "2016.??.??"]

1. e4 c6 2. d4 d5 3. exd5 cxd5 4. Bd3 Nc6 5. c3 Nf6 6. Bf4 g6 7. Nd2 Bg7 8.
Ngf3 O-O 9. O-O Bf5 10. Bxf5 gxf5 11. Ne5 Nxe5 12. Bxe5 Ne4 13. Bxg7 Kxg7 14.
Nxe4 fxe4 15. f3 f5 16. fxe4 dxe4 17. Qh5 e6 18. Rf4 Qe8 19. Qh3 Qg6 20. Raf1
Rf6 21. Kh1 Raf8 22. c4 Qg5 23. Qc3 Rd8 24. d5 Kf7 25. dxe6+ Kxe6 26. g4 Rd3
27. gxf5+ Kf7 28. Qe5 1-0

[Event "PolofMCR junior2016"]
[Site "?"]
[Date "2016.11.13"]
[Round "1"]
[White "Sajdl, Jan"]
[Black "Reznicek, Dominik"]
[Result "0-1"]
[WhiteElo "1687"]
[BlackElo "2066"]
[Annotator "Burda,Roman"]
[PlyCount "66"]
[EventDate "2016.??.??"]
[TimeControl "180"]

{460MB, Rybka4Gen.ctg, Roman-THINK} 1. e4 {[%emt 0:00:00]} c6 {[%emt 0:00:00]}
2. d4 d5 3. Nc3 Nf6 4. e5 Nfd7 5. Bd3 e6 6. Nf3 c5 7. Be3 Nc6 8. Nb5 a6 9. Nd6+
Bxd6 10. exd6 cxd4 11. Nxd4 Nde5 12. Nb3 Qxd6 13. Bc5 Qc7 14. O-O Ng6 15. Qh5
Nce7 16. Bxg6 Nxg6 17. Qg5 f6 18. Qh5 Kf7 19. f4 Rd8 20. Rf3 Bd7 21. Rg3 Kg8
22. Rh3 Nxf4 23. Qxh7+ Kf7 24. Rg3 Ne2+ 25. Kf2 Nxg3 26. hxg3 Rh8 27. Qd3 Rac8
28. c3 Rh5 29. g4 Rh4 30. Qf3 e5 31. Qxd5+ Be6 32. Qd1 Rxg4 33. Be3 e4 0-1

[Event "PolofMCR junior2016 "]
[Site "?"]
[Date "2016.11.13"]
[Round "1"]
[White "Eret, Jonas"]
[Black "Ludvik, Tomas"]
[Result "1-0"]
[WhiteElo "2159"]
[BlackElo "1955"]
[Annotator "Burda,Roman"]
[PlyCount "65"]
[TimeControl "180"]

{460MB, Rybka4Gen.ctg, Roman-THINK} 1. d4 {[%emt 0:00:00]} Nf6 2. Nf3 d5 3. Bf4
Bf5 4. e3 e6 5. Be2 Bd6 6. Bg3 O-O 7. Nbd2 c5 8. dxc5 Bxc5 9. O-O Nc6 10. Nb3
Bd6 11. Bxd6 Qxd6 12. c4 Rad8 13. c5 Qe7 14. Nfd4 Bg6 15. Nxc6 bxc6 16. Na5 Rc8
17. b4 Ne4 18. Rc1 Qf6 19. Ba6 Rc7 20. f3 Nc3 21. Qd2 Nb1 22. Rxb1 Bxb1 23.
Rxb1 e5 24. a4 Rd8 25. Nb7 Rdd7 26. Nd6 h5 27. Ne8 Qg6 28. Rc1 e4 29. f4 Qf5
30. Nxc7 Rxc7 31. b5 cxb5 32. axb5 g5 33. b6 1-0

[Event "PolofMCR junior2016"]
[Site "?"]
[Date "2016.11.13"]
[Round "1"]
[White "Paulus, Vaclav"]
[Black "Simet, Martin"]
[Result "1/2-1/2"]
[WhiteElo "1822"]
[BlackElo "2081"]
[Annotator "Burda,Roman"]
[PlyCount "53"]
[TimeControl "180"]

{460MB, Rybka4Gen.ctg, Roman-THINK} 1. d4 {[%emt 0:00:00]} Nf6 2. Nf3 g6 3. c4
Bg7 4. Nc3 O-O 5. e4 d6 6. Be2 e5 7. Bg5 h6 8. Bxf6 Qxf6 9. dxe5 dxe5 10. Nd5
Qd8 11. Qb3 c6 12. Nb4 Qe7 13. O-O Bg4 14. h3 Be6 15. Nd3 f6 16. a4 b6 17. Qc2
Nd7 18. Nd2 f5 19. f3 f4 20. c5 Qg5 21. Kh1 Qh4 22. cxb6 axb6 23. Qxc6 Bxh3 24.
gxh3 Qxh3+ 25. Kg1 Qg3+ 26. Kh1 Qh4+ 27. Kg1 1/2-1/2

[Event "PolofMCR junior2016"]
[Site "CR"]
[Date "2016.11.13"]
[Round "1.1"]
[White "Krutsky, Martin"]
[Black "Pulpan, Jakub"]
[Result "0-1"]
[WhiteElo "2050"]
[BlackElo "2396"]
[Annotator "Mach,Michal"]
[PlyCount "74"]
[EventDate "2016.??.??"]
[WhiteClock "0:11:26"]
[BlackClock "0:16:40"]

1. e4 c5 2. Nf3 d6 3. g3 Nc6 4. Bg2 g6 5. d3 Bg7 6. O-O e5 7. c3 Nge7 8. Bg5
O-O 9. Qd2 f5 10. Na3 Be6 11. Nc2 Qd7 12. Nfe1 d5 13. exd5 Nxd5 14. Ne3 f4 15.
Nxd5 Bxd5 16. gxf4 h6 17. Bxd5+ Qxd5 18. Bh4 exf4 19. f3 g5 20. Bf2 Rfe8 21.
Rd1 Rad8 22. h3 Ne5 23. Kg2 Nc4 24. Qc2 Ne3+ 25. Bxe3 fxe3 26. Qe2 Qxa2 27. f4
Qd5+ 28. Kg1 Qf5 29. fxg5 Qxh3 30. gxh6 Rd6 31. Rf3 Qxh6 32. Ng2 Be5 33. Rxe3
Bh2+ 34. Kf1 Rf6+ 35. Ke1 Rxe3 36. Nxe3 Bg3+ 37. Kd2 Rf2 0-1

[Event "PolofMCR junior2016"]
[Site "CR"]
[Date "2016.11.13"]
[Round "1.2"]
[White "Havelka, Josef"]
[Black "Kabelka, Ondrej"]
[Result "1/2-1/2"]
[WhiteElo "2325"]
[BlackElo "2036"]
[Annotator "Mach,Michal"]
[PlyCount "59"]
[EventDate "2016.??.??"]
[WhiteClock "0:02:00"]
[BlackClock "0:24:54"]

1. e4 c5 2. Nf3 e6 3. d4 cxd4 4. Nxd4 a6 5. Bd3 Qc7 6. Qe2 d6 7. c4 Nf6 8. O-O
Nbd7 9. b3 g6 10. Bb2 Bg7 11. Nd2 O-O 12. f4 e5 13. fxe5 Nxe5 14. Bc2 b6 15.
Rae1 Bb7 16. N4f3 Nfd7 17. Nxe5 Nxe5 18. Kh1 Rfe8 19. Bb1 Re7 20. Bc1 Rae8 21.
Qf2 b5 22. cxb5 axb5 23. Qg3 b4 24. Bb2 Ba6 25. Rc1 Qb6 26. Rfe1 Nd3 27. Bxg7
Nf2+ 28. Kg1 Nh3+ 29. Kh1 Nf2+ 30. Kg1 1/2-1/2

[Event "PolofMCR junior2016"]
[Site "CR"]
[Date "2016.11.13"]
[Round "1.3"]
[White "Krejca, Jakub"]
[Black "Machan, Jan"]
[Result "1-0"]
[WhiteElo "2007"]
[BlackElo "2298"]
[Annotator "Mach,Michal"]
[PlyCount "64"]
[EventDate "2016.??.??"]
[WhiteClock "0:51:57"]
[BlackClock "0:08:45"]

1. e4 c6 2. d4 d5 3. exd5 cxd5 4. c4 Nf6 5. Nc3 g6 6. Nf3 Bg7 7. Be2 dxc4 8.
Bxc4 O-O 9. O-O a6 10. Bg5 b5 11. Bb3 Bb7 12. Re1 Nc6 13. Qe2 Nxd4 14. Nxd4
Qxd4 15. Qxe7 Bxg2 16. Kxg2 Qg4+ 17. Kf1 Qxg5 18. Ne4 Nxe4 19. Rxe4 Qf5 20. Kg1
Bxb2 21. Rd1 Bf6 22. Qb7 Bh4 23. f3 Qc5+ 24. Kh1 Ra7 25. Qd5 Qf2 26. Qd3 Rd8
27. Qe2 Rxd1+ 28. Qxd1 Rc7 29. Rf4 Bg5 30. Rxf7 Rxf7 31. Bxf7+ Kxf7 32. Qd5+
Kg7 1-0

[Event "PolofMCR junior2016"]
[Site "CR"]
[Date "2016.11.13"]
[Round "1.4"]
[White "Hollan, Petr"]
[Black "Sucharda, David"]
[Result "1-0"]
[WhiteElo "2295"]
[BlackElo "2006"]
[Annotator "Mach,Michal"]
[PlyCount "59"]
[EventDate "2016.??.??"]
[WhiteClock "1:30:56"]
[BlackClock "1:29:50"]

1. e4 e6 2. d4 d5 3. Nd2 Nf6 4. Bd3 c5 5. e5 Nfd7 6. c3 Nc6 7. Ngf3 Be7 8. O-O
Qb6 9. Qe2 cxd4 10. cxd4 Nxd4 11. Nxd4 Qxd4 12. Nf3 Qb6 13. Be3 Bc5 14. Rac1
Bxe3 15. fxe3 f5 16. exf6 Nxf6 17. Ng5 O-O 18. Nxh7 Bd7 19. Nxf8 Rxf8 20. Kh1
Bc6 21. b3 e5 22. e4 d4 23. Bc4+ Kh8 24. Rf5 Be8 25. Rxe5 Qc7 26. Rf5 b5 27. e5
Bg6 28. exf6 Bxf5 29. Qh5+ Bh7 30. Qxh7+ 1-0

[Event "PolofMCR junior2016"]
[Site "CR"]
[Date "2016.11.13"]
[Round "1.5"]
[White "Brejnik, Guzstav"]
[Black "Miesbauer, Jan"]
[Result "1/2-1/2"]
[WhiteElo "1998"]
[BlackElo "2217"]
[Annotator "Mach,Michal"]
[PlyCount "71"]
[EventDate "2016.??.??"]
[WhiteClock "0:25:06"]
[BlackClock "0:21:35"]

1. d4 Nf6 2. c4 g6 3. Nc3 Bg7 4. e4 d6 5. f4 O-O 6. Nf3 Na6 7. Be2 e5 8. fxe5
dxe5 9. d5 Nc5 10. Qc2 Nfxe4 11. Nxe4 Bf5 12. Bd3 Bxe4 13. Bxe4 f5 14. Bxf5
gxf5 15. Be3 Qe7 16. Ng5 Bh6 17. Bxc5 Qxc5 18. Ne6 Qe3+ 19. Kd1 e4 20. Re1 Qb6
21. c5 Qa5 22. Nxf8 Rxf8 23. Qc3 Qa4+ 24. Qb3 Qd4+ 25. Ke2 Qxc5 26. d6+ Kh8 27.
dxc7 Qxc7 28. Qc3+ Qxc3 29. bxc3 Bg7 30. Rab1 b6 31. Rb3 Rc8 32. Rd1 Kg8 33.
Kd2 Kf7 34. Kc2 Ke6 35. h3 Be5 36. a4 1/2-1/2

[Event "PolofMCR junior2016"]
[Site "CR"]
[Date "2016.11.13"]
[Round "1.6"]
[White "Hurdzan, Tomas"]
[Black "Gemsa, Pavel"]
[Result "1-0"]
[WhiteElo "2196"]
[BlackElo "1991"]
[Annotator "Mach,Michal"]
[PlyCount "50"]
[EventDate "2016.??.??"]
[WhiteClock "0:06:24"]
[BlackClock "0:10:34"]

1. e4 c5 2. Nf3 g6 3. d4 cxd4 4. Nxd4 Nf6 5. Nc3 Nc6 6. Nxc6 dxc6 7. Qxd8+ Kxd8
8. Bc4 b5 9. Bd3 e5 10. a4 b4 11. Nd1 Bc5 12. Ne3 Ng4 13. Nxg4 Bxg4 14. Bc4 Ke7
15. Bd2 Rad8 16. f3 Be6 17. Bxe6 Kxe6 18. Ke2 Rd7 19. Rad1 Rhd8 20. Bc1 f5 21.
Rxd7 Rxd7 22. Rd1 fxe4 23. fxe4 Rxd1 24. Kxd1 g5 25. g4 Bg1 {Partie dale
nerekonstruovatelna} 1-0

[Event "PolofMCR junior2016"]
[Site "?"]
[Date "2016.11.13"]
[Round "1"]
[White "Kovarik, Matyas"]
[Black "Liska, Jiri"]
[Result "0-1"]
[WhiteElo "1853"]
[BlackElo "2087"]
[PlyCount "98"]
[EventDate "2016.??.??"]

1. e4 Nf6 2. e5 Nd5 3. d4 d6 4. Nf3 Nb6 5. a4 a5 6. Bb5+ c6 7. Be2 dxe5 8. Nxe5
g6 9. O-O Bg7 10. Bf4 O-O 11. c3 Be6 12. Nd2 N8d7 13. Ndf3 Nf6 14. Qd2 Ne4 15.
Qc1 f6 16. Nd3 g5 17. Be3 Nc4 18. Nd2 Ncxd2 19. Bxd2 Nxd2 20. Qxd2 Bd5 21. Qe3
e5 22. dxe5 fxe5 23. Nc5 b6 24. Ne4 h6 25. c4 Be6 26. Rad1 Qc7 27. Rd6 Bf5 28.
Rfd1 Rad8 29. c5 bxc5 30. R6d2 Rd4 31. Nxc5 Rfd8 32. Bc4+ Kh8 33. Be6 Qd6 34.
Nb3 Bxe6 35. Nxd4 exd4 36. Qd3 c5 37. Qb5 c4 38. Qxa5 d3 39. Qa7 Bd4 40. Qa5
Rf8 41. Rf1 Bd5 42. Kh1 Ra8 43. Qb5 Rb8 44. Qa5 Rxb2 45. Rxb2 Bxb2 46. Re1 Be5
47. Qb5 d2 48. Qe8+ Bg8 49. Rd1 c3 0-1

[Event "PolofMCR junior2016"]
[Site "?"]
[Date "2016.11.13"]
[Round "1"]
[White "Gloser, David"]
[Black "Horak, Martin"]
[Result "1-0"]
[WhiteElo "1924"]
[BlackElo "2159"]
[PlyCount "135"]
[EventDate "2016.??.??"]

1. e4 c5 2. c3 Nf6 3. e5 Nd5 4. d4 cxd4 5. cxd4 d6 6. Nf3 Nc6 7. Be2 g6 8. O-O
Bg7 9. exd6 Qxd6 10. Nc3 O-O 11. Be3 b6 12. Nxd5 Qxd5 13. Rc1 Bb7 14. Bc4 Qd6
15. Qd2 Rfd8 16. Rfd1 Rac8 17. Bf4 Qb4 18. Qxb4 Nxb4 19. Ne5 Nd5 20. Bg3 e6 21.
a3 h6 22. h4 Ne7 23. h5 g5 24. Bd3 f5 25. Bc4 Nd5 26. f4 Bxe5 27. fxe5 Kf7 28.
Bf2 Nf4 29. g3 Nxh5 30. Ba2 Ng7 31. Rc3 Bd5 32. Bxd5 exd5 33. Rdc1 Rxc3 34.
Rxc3 Ne6 35. a4 Ke7 36. a5 Kd7 37. axb6 axb6 38. Ra3 Kc6 39. Ra7 Nc7 40. Ra3
Ra8 41. Rf3 Rf8 42. Rc3+ Kb7 43. Kg2 Ne6 44. Rc1 f4 45. Rb1 Rh8 46. Kf3 h5 47.
gxf4 Nxf4 48. Be3 Ne6 49. Rg1 Rf8+ 50. Ke2 h4 51. Rf1 g4 52. Rf6 Rg8 53. Rxe6
h3 54. Rh6 Kc7 55. Kf2 Rf8+ 56. Ke2 Kd7 57. Rh4 Rg8 58. Bg1 Ke6 59. Kf2 g3+ 60.
Kf3 h2 61. Be3 g2 62. Rxh2 g1=Q 63. Bxg1 Rxg1 64. Rh6+ Kf5 65. Rxb6 Rd1 66. Ke3
Rb1 67. Rb5 Re1+ 68. Kd2 1-0

[Event "PolofMCR junior2016"]
[Site "?"]
[Date "2016.11.13"]
[Round "1"]
[White "Kuchar, Matej"]
[Black "Parizek, Vojtech"]
[Result "1/2-1/2"]
[WhiteElo "1905"]
[BlackElo "2110"]
[PlyCount "101"]
[EventDate "2016.??.??"]

1. e4 c5 2. Nf3 Nc6 3. d4 cxd4 4. Nxd4 Nf6 5. Nc3 e5 6. Ndb5 d6 7. Bg5 a6 8.
Na3 b5 9. Nd5 Be7 10. Bxf6 Bxf6 11. c3 O-O 12. Nc2 Rb8 13. Be2 Bg5 14. O-O g6
15. Qd3 Bh6 16. Rfd1 f5 17. Nde3 Ne7 18. Qxd6 Qxd6 19. Rxd6 fxe4 20. Rad1 Bb7
21. Bg4 Bg7 22. Be6+ Kh8 23. Nb4 a5 24. Na6 Bxa6 25. Rxa6 Ra8 26. Rxa8 Rxa8 27.
Rd7 Bf6 28. Nd5 Nxd5 29. Bxd5 Rd8 30. Rxd8+ Bxd8 31. Bxe4 Be7 32. Kf1 Kg7 33.
Ke2 Kf6 34. Kd3 Bc5 35. f3 Ke6 36. Bc6 b4 37. Ke4 Bg1 38. h3 bxc3 39. bxc3 Kd6
40. Bd5 Bh2 41. Bg8 h5 42. g4 h4 43. Bf7 g5 44. Kf5 Bf4 45. Kf6 Kc5 46. Bg8 Kd6
47. Bb3 Kc5 48. Ke6 Bg3 49. Bd5 Bf4 50. Bb3 Bg3 51. Bd5 1/2-1/2

[Event "PolofMCR junior2016"]
[Site "?"]
[Date "2016.11.13"]
[Round "1"]
[White "Slovak, Kilian"]
[Black "Nosek, Jan"]
[Result "1-0"]
[WhiteElo "2088"]
[BlackElo "1885"]
[PlyCount "75"]
[EventDate "2016.??.??"]

1. e4 c5 2. Nf3 Nc6 3. d4 cxd4 4. Nxd4 g6 5. c4 Bg7 6. Be3 Nf6 7. Nc3 O-O 8.
Be2 d6 9. O-O Bd7 10. f3 Rc8 11. Rc1 Nxd4 12. Bxd4 a6 13. Be3 Be6 14. b3 Nd7
15. Qd2 Re8 16. f4 Nc5 17. Bf3 Qa5 18. g4 b5 19. f5 Bd7 20. fxg6 hxg6 21. e5
bxc4 22. Bd5 e6 23. Bxc4 Bxe5 24. Qf2 Rf8 25. Bd2 Qb6 26. Be3 d5 27. Be2 Qb4
28. Nxd5 exd5 29. Rxc5 Qe4 30. Bf3 Bxh2+ 31. Kxh2 Qe5+ 32. Kg2 Rxc5 33. Bxc5
Re8 34. Qd4 Qxd4 35. Bxd4 Be6 36. Bf6 Rc8 37. Rh1 Rc2+ 38. Kg3 1-0

[Event "PolofMCR junior2016"]
[Site "?"]
[Date "2016.11.13"]
[Round "1"]
[White "Vasicek, Tomas"]
[Black "Jelinek, Michal"]
[Result "1/2-1/2"]
[WhiteElo "1974"]
[BlackElo "2162"]
[PlyCount "58"]
[EventDate "2016.??.??"]

1. d4 d5 2. Bf4 Nf6 3. Nf3 c5 4. e3 Nc6 5. c3 e6 6. Nbd2 Bd6 7. Bd3 O-O 8. Bg3
Qe7 9. Ne5 Nd7 10. Nxd7 Bxd7 11. Bxd6 Qxd6 12. dxc5 Qxc5 13. Bxh7+ Kxh7 14.
Qh5+ Kg8 15. Ne4 Qc4 16. Ng5 Rfd8 17. Qxf7+ Kh8 18. Qh5+ Kg8 19. Qh7+ Kf8 20.
Qh8+ Ke7 21. Qxg7+ Kd6 22. Nf7+ Kc7 23. Nxd8 Rxd8 24. h4 e5 25. Qf7 Kb6 26. h5
Be8 27. Qe6 Bd7 28. Qf7 Be8 29. Qe6 Bd7 1/2-1/2

[Event "PolofMCR junior2016"]
[Site "?"]
[Date "2016.11.13"]
[Round "1"]
[White "Riha, Vojtech"]
[Black "Novotny, Martin"]
[Result "1/2-1/2"]
[WhiteElo "2084"]
[BlackElo "1851"]
[PlyCount "44"]
[EventDate "2016.??.??"]

1. e4 g6 2. d4 Bg7 3. Bc4 d6 4. f4 a6 5. Nf3 b5 6. Bb3 Bb7 7. O-O h6 8. f5 gxf5
9. Nbd2 Nd7 10. c3 c5 11. exf5 Qb6 12. Kh1 cxd4 13. cxd4 Bxd4 14. Re1 Ngf6 15.
Nf1 Bf2 16. Be3 Bxe3 17. Nxe3 Ne4 18. Qe2 Ndf6 19. Nd2 Rg8 20. Nxe4 Nxe4 21.
Nd5 Nf2+ 22. Kg1 Nh3+ 1/2-1/2

[Event "PolofMCR junior2016"]
[Site "?"]
[Date "2016.11.13"]
[Round "1"]
[White "Stepan, Patrik"]
[Black "Skalsky, Alexandr"]
[Result "1/2-1/2"]
[WhiteElo "2114"]
[BlackElo "1917"]
[PlyCount "64"]
[EventDate "2016.??.??"]

1. c4 g6 2. d4 Nf6 3. Nc3 d5 4. cxd5 Nxd5 5. e4 Nxc3 6. bxc3 Bg7 7. Bc4 c5 8.
Ne2 O-O 9. O-O Nc6 10. Be3 b6 11. Qd2 cxd4 12. cxd4 Bb7 13. Rac1 Na5 14. Bd3
Qd7 15. f3 Rac8 16. Qb4 Rxc1 17. Rxc1 Rc8 18. Rxc8+ Bxc8 19. Bb5 Qc7 20. Nc3
Be6 21. Bf2 Nc4 22. d5 Nd6 23. Bc6 Bd7 24. Nb5 Nxb5 25. Qxb5 Bc8 26. Qa4 h5 27.
Bd4 Be5 28. Bxe5 Qxe5 29. Qd1 Qb2 30. a4 h4 31. h3 Ba6 32. Qe1 Qf6 1/2-1/2

[Event "PolofMCR junior2016"]
[Site "?"]
[Date "2016.11.13"]
[Round "1"]
[White "Caloun, Petr"]
[Black "Vystrcil, Martin"]
[Result "1-0"]
[WhiteElo "1785"]
[BlackElo "2072"]
[PlyCount "113"]
[EventDate "2016.??.??"]
[SourceDate "2016.11.14"]

1. e4 Nf6 2. Nc3 d5 3. exd5 Nxd5 4. Nxd5 Qxd5 5. Nf3 Bg4 6. Be2 e6 7. d3 Bd6 8.
Be3 c5 9. Qd2 Nc6 10. h3 Bxf3 11. Bxf3 Qe5 12. c3 Rc8 13. g3 b6 14. O-O-O O-O
15. Bf4 Qf6 16. Bxd6 Qxf3 17. Bxf8 Rxf8 18. Qe3 Qd5 19. Qe4 Rd8 20. Qxd5 Rxd5
21. Kc2 f6 22. Rhe1 Kf7 23. Re2 e5 24. Rde1 g5 25. a3 a5 26. Re3 Rd6 27. Kb3
Ne7 28. f4 gxf4 29. gxf4 Ng6 30. fxe5 Nxe5 31. Kc2 b5 32. b4 cxb4 33. axb4 axb4
34. cxb4 Ra6 35. Rxe5 fxe5 36. Rxe5 Rh6 37. Re3 Rh4 38. Kc3 Kf6 39. d4 Rh5 40.
Kd3 h6 41. Kc2 Rh4 42. Kc3 Rh5 43. Kd3 Kf7 44. Re5 Rxh3+ 45. Ke4 Rh4+ 46. Kd5
Rf4 47. Kc5 Kf6 48. Rh5 Kg6 49. Rh1 h5 50. d5 Rf5 51. Kc6 Rf4 52. Kxb5 Kf6 53.
Rxh5 Kf7 54. Kc5 Rf6 55. d6 Ke8 56. Kc6 Rf8 57. Ra5 1-0

[Event "PolofMCR junior2016"]
[Site "?"]
[Date "2016.11.13"]
[Round "1"]
[White "Kanak, Filip"]
[Black "Havelka, Jan"]
[Result "1-0"]
[WhiteElo "1980"]
[BlackElo "2193"]
[PlyCount "103"]
[EventDate "2016.??.??"]

1. e4 c5 2. Nf3 e6 3. d4 cxd4 4. Nxd4 a6 5. Bd3 Qc7 6. Qe2 d6 7. Be3 Nf6 8. Nd2
Be7 9. f4 Nc6 10. c3 h5 11. h3 Bd7 12. Nxc6 Bxc6 13. O-O-O h4 14. Rhg1 d5 15.
e5 Nd7 16. g4 hxg3 17. Rxg3 g6 18. Nf3 b5 19. Kb1 Nb6 20. Bxb6 Qxb6 21. Bc2
O-O-O 22. Ng5 Be8 23. Qg4 Kb8 24. h4 Rc8 25. Rh3 Ka8 26. Rxd5 Bc6 27. Rd1 Bxg5
28. fxg5 Rhd8 29. Rhd3 Rxd3 30. Rxd3 Qf2 31. Qd4 Qxd4 32. Rxd4 Kb7 33. Be4
Bxe4+ 34. Rxe4 Rc5 35. Rf4 Rc7 36. Rd4 a5 37. a3 Kc8 38. Kc2 Rc5 39. Rf4 Rc7
40. Kd3 Kd8 41. Rd4+ Ke7 42. a4 Rc5 43. Ke4 bxa4 44. Rxa4 Kd8 45. c4 Kc7 46.
Kd4 Kc6 47. b4 axb4 48. Ra6+ Kb7 49. Kxc5 Kxa6 50. Kxb4 Kb6 51. c5+ Kc6 52. Kc4
1-0

[Event "PolofMCR junior2016"]
[Site "?"]
[Date "2016.11.13"]
[Round "1"]
[White "Hons, Tomas"]
[Black "Furbacher, Milan"]
[Result "0-1"]
[WhiteElo "2065"]
[BlackElo "1646"]
[PlyCount "102"]
[EventDate "2016.??.??"]

1. e4 c5 2. Nf3 Nc6 3. d4 cxd4 4. Nxd4 g6 5. Nc3 Bg7 6. Nxc6 bxc6 7. Bc4 d6 8.
O-O Bb7 9. Re1 Nf6 10. Bg5 O-O 11. Qd2 Qc7 12. Bh6 Rad8 13. Bxg7 Kxg7 14. Qf4
Nd7 15. Qh4 Nf6 16. Qg3 Rd7 17. Bb3 Rfd8 18. a4 Qa5 19. Qf3 Qc5 20. Rad1 e6 21.
Rd3 Ba6 22. Rdd1 Bc4 23. e5 dxe5 24. Rxd7 Nxd7 25. Ne4 Qb4 26. Rd1 Bd5 27. Bxd5
exd5 28. Ng5 Nf6 29. b3 h6 30. Nh3 Qc5 31. Qe2 Re8 32. g3 Ne4 33. Re1 Qd4 34.
Kg2 Qd2 35. Qxd2 Nxd2 36. Nf4 Ne4 37. Nd3 f6 38. Nb4 Rc8 39. f3 Nc3 40. f4 e4
41. Re3 d4 42. Re1 Kf7 43. Ra1 c5 44. Na2 Nxa2 45. Rxa2 c4 46. Kf2 c3 47. Ra1
Rd8 48. Ke2 d3+ 49. cxd3 exd3+ 50. Kd1 Rb8 51. Ra3 Rb4 0-1

[Event "MCR juniorek2016"]
[Site "CR"]
[Date "2016.11.13"]
[Round "1.7"]
[White "Vlkova, Anezka"]
[Black "Janska, Jitka"]
[Result "1-0"]
[WhiteElo "1898"]
[BlackElo "2125"]
[Annotator "Mach,Michal"]
[PlyCount "74"]
[EventDate "2016.??.??"]
[WhiteClock "0:00:52"]
[BlackClock "0:01:13"]

1. e4 e5 2. Nf3 Nc6 3. Bc4 Nf6 4. d3 Be7 5. c3 O-O 6. Nbd2 a6 7. O-O d6 8. Bb3
Na5 9. Bc2 c5 10. Re1 b5 11. Nf1 Qc7 12. Ne3 g6 13. d4 cxd4 14. cxd4 Nc6 15. a3
Re8 16. Bb3 Bf8 17. Nd5 Nxd5 18. Bxd5 Bb7 19. Ng5 Re7 20. dxe5 dxe5 21. Be3 h6
22. Nf3 Rc8 23. Rc1 Bg7 24. Rc3 Kh7 25. Nh4 Rd7 26. Qg4 Rd6 27. Rec1 f5 28. Qe2
f4 29. Bc5 Rf6 30. Qg4 Qd8 31. Bf7 Rxf7 32. Qxg6+ Kg8 33. Nf5 Qf6 34. Nxh6+ Kh8
35. Nxf7+ Kg8 36. Qxf6 Bxf6 37. Nd6 Nd8 1-0

[Event "MCR juniorek2016"]
[Site "CR"]
[Date "2016.11.13"]
[Round "1.8"]
[White "Kanakova, Natalie"]
[Black "Ambrozova, Lucie"]
[Result "1-0"]
[WhiteElo "2116"]
[BlackElo "1830"]
[Annotator "Mach,Michal"]
[PlyCount "67"]
[EventDate "2016.??.??"]
[WhiteClock "0:01:24"]
[BlackClock "0:00:37"]

1. e4 c5 2. Nf3 d6 3. d4 cxd4 4. Nxd4 Nf6 5. Nc3 g6 6. Be3 Bg7 7. f3 O-O 8. Qd2
Nc6 9. g4 Nxd4 10. Bxd4 Be6 11. O-O-O Qa5 12. Kb1 Rfc8 13. a3 Rab8 14. g5 Nh5
15. Nd5 Qxd2 16. Rxd2 Bxd5 17. exd5 Bxd4 18. Rxd4 Rc5 19. c4 Ng7 20. Bd3 Rbc8
21. Re1 Kf8 22. Rh4 Nh5 23. Rhe4 R5c7 24. b3 Re8 25. Bf1 a5 26. Bh3 Rb8 27. Bf1
b6 28. Kb2 Rbb7 29. Rh4 Rc5 30. Rd1 Kg8 31. Re4 Kf8 32. Rd2 Kg8 33. Rc2 Rbc7
34. b4 1-0

[Event "MCR juniorek2016"]
[Site "CR"]
[Date "2016.11.13"]
[Round "1.9"]
[White "Volaninova, Sarka"]
[Black "Pychova, Nela"]
[Result "0-1"]
[WhiteElo "1783"]
[BlackElo "2054"]
[PlyCount "92"]
[EventDate "2016.??.??"]

1. e4 c6 2. d4 d5 3. exd5 cxd5 4. c4 Nf6 5. Nc3 e6 6. Bg5 Be7 7. Nf3 O-O 8. Bd3
dxc4 9. Bxc4 Nbd7 10. O-O Nb6 11. Bb3 Nbd5 12. Qe2 Nxc3 13. bxc3 b6 14. Rfe1
Bb7 15. Qd3 Bxf3 16. Qxf3 Rc8 17. Rad1 Nd5 18. Bxe7 Nxe7 19. c4 Qd6 20. d5 e5
21. Qe4 Ng6 22. Rd3 f5 23. Qe3 Rc7 24. Rc3 Kh8 25. Qg5 a6 26. Qe3 Rc5 27. Bc2
Qf6 28. Qd2 Rd8 29. Rf3 Nh4 30. Rc3 e4 31. Bb3 Rdxd5 32. cxd5 Rxc3 33. Qf4 Rc8
34. Rd1 Ng6 35. Qd2 Qd6 36. Qd4 Ne5 37. Qe3 Nd7 38. Qg3 f4 39. Qg4 Re8 40. Re1
Nc5 41. Qf5 Rf8 42. Qh3 Qf6 43. Qg4 Rd8 44. Qd1 Qg5 45. Kh1 Nd3 46. Re2 f3 0-1

[Event "MCR juniorek2016"]
[Site "?"]
[Date "2016.11.13"]
[Round "1"]
[White "Dumkova, Daniela"]
[Black "Koubova, Anna Marie"]
[Result "1-0"]
[WhiteElo "1955"]
[BlackElo "1640"]
[PlyCount "103"]
[EventDate "2016.??.??"]

1. d4 Nf6 2. c4 g6 3. f3 d5 4. cxd5 Nxd5 5. e4 Nb6 6. Nc3 Bg7 7. Be3 O-O 8. Qd2
Na6 9. Rd1 Be6 10. b3 c5 11. d5 Bd7 12. Bxa6 bxa6 13. Bxc5 Rc8 14. Bd4 e5 15.
Be3 f5 16. exf5 Bxf5 17. Nge2 e4 18. O-O exf3 19. Rxf3 Bg4 20. Rxf8+ Qxf8 21.
Rf1 Qb4 22. Rf4 Bxc3 23. Nxc3 Qxc3 24. Rxg4 Qxd2 25. Bxd2 Rc2 26. Rd4 Rxa2 27.
d6 Nd7 28. Bh6 Re2 29. Ra4 Kf7 30. Rxa6 Ke6 31. Bf4 Rb2 32. Ra3 a6 33. Rxa6
Rxb3 34. Ra8 Rb8 35. Ra7 Rb4 36. Bg3 Rb5 37. Ra1 Ne5 38. Rd1 Nd7 39. Re1+ Kf5
40. Re7 Nf6 41. Kf1 g5 42. d7 Rd5 43. Re5+ Rxe5 44. d8=Q Rd5 45. Qc8+ Kg6 46.
Ke2 Rd7 47. Ke3 Rd5 48. Qc4 h5 49. h3 Ra5 50. Qc2+ Kh6 51. Bc7 Ra6 52. Qc4 1-0

[Event "MCR juniorek2016"]
[Site "?"]
[Date "2016.11.13"]
[Round "1"]
[White "Novotna, Tereza"]
[Black "Suchomelova, Simona"]
[Result "1/2-1/2"]
[WhiteElo "1672"]
[BlackElo "1963"]
[PlyCount "56"]
[EventDate "2016.??.??"]

1. d4 Nf6 2. c4 g6 3. Nc3 Bg7 4. e4 d6 5. f3 O-O 6. Be3 e5 7. d5 a6 8. Qd2 Bd7
9. Nge2 b5 10. Nc1 b4 11. N3e2 a5 12. h4 Na6 13. Ng3 Qe7 14. h5 Rfb8 15. Nd3 c6
16. Be2 cxd5 17. cxd5 Bb5 18. Kf2 Nd7 19. Rh2 Qf8 20. Rah1 f5 21. hxg6 hxg6 22.
Bh6 f4 23. Nf1 Nf6 24. Ke1 Ra7 25. Bxg7 Kxg7 26. g3 Bxd3 27. Bxd3 Nh5 28. g4
Nf6 1/2-1/2

[Event "MCR juniorek2016"]
[Site "?"]
[Date "2016.11.13"]
[Round "1"]
[White "Beluska, Tereza"]
[Black "Hartingerova, Martina"]
[Result "1-0"]
[WhiteElo "1982"]
[BlackElo "1696"]
[PlyCount "51"]
[EventDate "2016.??.??"]

1. e4 c5 2. Nf3 a6 3. Nc3 Nc6 4. d4 cxd4 5. Nxd4 e5 6. Nb3 Nf6 7. g3 Bb4 8. Bg2
d6 9. O-O Bxc3 10. bxc3 Be6 11. Bg5 Ne7 12. Qd2 Qc7 13. Rad1 O-O-O 14. Rb1 Bc4
15. Rfd1 d5 16. Bxf6 gxf6 17. Qe3 b6 18. Nd2 Bb5 19. exd5 Nxd5 20. Bxd5 Rxd5
21. c4 Bxc4 22. Nxc4 Rxd1+ 23. Rxd1 Qxc4 24. Qxb6 Qe6 25. Rd6 Qxa2 26. Qc5+ 1-0